Responses for Show #5860 - Friday, February 19, 2010

Contestants

[<< previous game]

Pablo Garcia, a professor of architecture from Pittsburgh, Pennsylvania

Lisa Dengate, a chef from Ithaca, New York

Elizabeth Galoozis, a reference librarian from Cambridge, Massachusetts (whose 1-day cash winnings total $15,600)

[next game >>]

Jeopardy! Round responses

TECHNOLOGY
THEIR FIRST NO. 1 POP HIT
AROUND THE HOUSE
THE JEFFERSON
MOVIN' ON "UP"
TO THE FAR EAST SIDE
    $200 8
Diesel engines

Elizabeth
    $200 6
Pink Floyd

Elizabeth
    $200 13
the attic

Pablo
    $200 17
Virginia

Elizabeth
    $200 1
The Last Supper

Pablo
    $200 22
Beijing

Lisa
    $400 27
identity theft

Elizabeth
    $400 7
Prince

Pablo
    $400 9
a thermostat

Elizabeth
    $400 18
the Louisiana Purchase

Lisa
    $400 2
a blow-up

Pablo
    $400 23
Seoul

Lisa
    $600 28
a hurricane

Lisa
    $600 10
(Lisa: I... don't know.)

Kelly Clarkson

ElizabethLisa
    $600 14
a retaining wall

Pablo
    $600 19
Monticello

Pablo
    $600 3
(Pablo: What are "nuptuals"?)
(Alex: ...Yeah. [*].)

nuptial

Pablo
    $600 24
Sapporo

Elizabeth
    $800 29
hypothermia

Pablo
    $800 11
Eminem

Elizabeth
    $800 15
(Pablo: What is a molding?)
(Alex: Be more specific.)

a floor molding

Pablo
    $800 20
Aaron Burr

Lisa
    $1,200 4
(Alex: You have $1,200.)
(Pablo: Uh, I'll go all in.)
(Alex: This is--)
(Pablo: True Daily Double.)
(Alex: This is not Texas hold'em. This is Jeopardy! All right--)
(Pablo: Fair enough.)
(Alex: --here is the clue for you...)

a couplet

Pablo
    $800 25
Tibet

Elizabeth
    $1000 30
Predator drones

Pablo
    $1000 12
Michael Bolton

Elizabeth
    $1000 16
(Lisa: What is the cellar?)

crawlspace

ElizabethLisa
    $1000 21
Sally Hemings

Elizabeth
    $1000 5
abrupt

Elizabeth
    $1000 26
Hong Kong

Lisa

Scores at the first commercial break (after clue 16):

Elizabeth Lisa Pablo
$5,200 -$1,600 $4,400

Scores at the end of the Jeopardy! Round:

Elizabeth Lisa Pablo
$8,200 $1,800 $6,800

Double Jeopardy! Round responses

NAME THAT MOON
MOVIE TITLE PAIRS
FLORAL QUOTES
ROOTS
RUN 4 "S", RUN
(Alex: Four "S"s in each correct response.)
THE NATIONAL WORLD WAR II MEMORIAL
(Sarah: Honoring 16 million who served, including 290,000 who made the ultimate sacrifice.)
    $400 1
(Lisa: What is Miranda?)

Cordelia

ElizabethLisa
    $400 7
Lilo

Elizabeth
    $400 2
(Alex: There were four of them, but you're right.)

Rose is a rose is a rose (is a rose.)

Elizabeth
    $400 18
Australia

Lisa
    $400 12
possessed

Elizabeth
    $400 23
Bob Dole

Lisa
    $800 15
Pandora

Elizabeth
    $800 8
(Lisa: Harry & Maude.)
...
(Alex: Harry & [*].)

Tonto

Lisa
Triple Stumper
    $800 3
Monet

Lisa
    $800 19
Confucius

Lisa
    $800 13
an assassin

Elizabeth
    $800 24
Eisenhower

Pablo
    $1200 28
[The end-of-round signal sounds.]

Janus

Pablo
    $1200 9
Joon

Elizabeth
    $1200 4
Wordsworth

Elizabeth
    $1200 20
(Pablo: What is the Revolution?)
(Elizabeth: What is the American Revolution?)
...
(Alex: United Daughters of [*]--Tennessee.)

the Confederacy

ElizabethPablo
Triple Stumper
    $1200 14
(Elizabeth: What is obsesses?)
...
(Alex: That has 4 "S"s.)

stresses

ElizabethLisa
    $4,000 25
(Alex: ...and we have about a minute left.)

Rosie the Riveter

Pablo
    $1600 10
Roger

Lisa
    $1600 5
(Alex: May [*] spring--purple flowers.)

violets

Triple Stumper
    $1600 21
Oprah Winfrey

Elizabeth
    $1600 16
(Elizabeth: What is dispassionate?)
(Lisa: What are passions?)
...
(Alex: Correct response--what is [*]? 4 "S"s, remember.)

passionless

ElizabethLisa
Triple Stumper
    $1600 26
(Lisa: What's Guadalcanal?)

Midway

ElizabethLisa
    $2000 11
Frankie

Elizabeth
    $3,000 6
(Elizabeth: Who is Leticia?)
(Alex: No, [*], to [*] of Troy, thy beauty is...)

Helen

Elizabeth
    $2000 22
(Lisa: Who are the Cherokee Indians?)
...
(Alex: We're going for the group of tribes--[*].)

the Five Civilized Tribes

Lisa
Triple Stumper
    $2000 17
crisscross

Triple Stumper
    $2000 27
Kilroy was here

Elizabeth

Scores at the end of the Double Jeopardy! Round:

Elizabeth Lisa Pablo
$14,000 $600 $11,600

[wagering suggestions for these scores]

Final Jeopardy! Round responses

ARTISTS
LisaWho is Van Gogh
$0
PabloWho is van Gogh?
$11,600
ElizabethWho is van Gogh?
$9,201
Vincent van Gogh

Final scores:

Elizabeth Lisa Pablo
$23,201 $600 $23,200
2-day champion: $38,801 3rd place: $1,000 2nd place: $2,000

Game dynamics:

Coryat scores:

Elizabeth Lisa Pablo
$17,000 $600 $8,400
25 R,
4 W
(including 1 DD)
12 R,
7 W
14 R
(including 2 DDs),
1 W

Combined Coryat: $26,000

[game clues] [game scores] [suggest correction]

Game tape date: 2009-12-07
The J! Archive is created by fans, for fans. Scraping, republication, monetization, and malicious use prohibited; this site may use cookies and collect identifying information. See terms. The Jeopardy! game show and all elements thereof, including but not limited to copyright and trademark thereto, are the property of Jeopardy Productions, Inc. and are protected under law. This website is not affiliated with, sponsored by, or operated by Jeopardy Productions, Inc. Join the discussion at JBoard.tv.